00427 2200169 4500001002100000008004100021035002000062245003600082100001900118260002800137300002400165020002200189084001400211082000800225990001200233990001200245INLIS000000000002740 IND  a0010-0925000087 aKimia Kelas XIIcUnggul Sudarmo aUnggul Sudarmo aJakartabErlanggac2023 a286c(17,5 x 25 cm) a978-623-180-406-8 a540 UNG k a540 a0754950 a0754951